| 000 | 01502 a2200241 4500 | ||
|---|---|---|---|
| 003 | Nust | ||
| 005 | 20221128142413.0 | ||
| 010 | _a 98024632 | ||
| 020 | _a0070246300 | ||
| 040 | _cNust | ||
| 082 | 0 | 0 | _a621.3815,GOO |
| 100 | 1 |
_aGoodman, Robert L. _9103702 |
|
| 245 | 1 | 0 |
_aHow electronic things work-- and what to do when they don't / _cRobert Goodman. |
| 260 |
_aNew York : _bMcGraw-Hill, _cc1999. |
||
| 300 |
_axxi, 393 p. : _bill. ; _c24 cm. |
||
| 505 | _aIntroduction to very Basic Electronics 101 (Page-1), Radio/Audio /Stereo /Speakers /Music Systems and Cassette Player Operations (Page-47), Audio /Video CD Players and Remote Control Operations (Page-83), How Color TVs and PC Monitors work (Page-115), VCRs Operation and Maintenance (Page-157), Direct Broadcast Satellite (DBS) System Operation (Page-191), How Video Cameras and Camcorders work (Page-219), Wired Telephones Cordless Phones Answering Machines (Page-245), Computer Operation Protection and Maintenance (Page-293), Printers ,Copiers and Fax Machine Operations (Page-331). | ||
| 650 | 0 |
_aElectronic apparatus and appliances _xMaintenance and repair. _9103703 |
|
| 650 | 0 | _aTelecommunication engineering | |
| 856 | 4 | 2 |
_3Contributor biographical information _uhttp://www.loc.gov/catdir/enhancements/fy0602/98024632-b.html |
| 856 | 4 | 2 |
_3Publisher description _uhttp://www.loc.gov/catdir/description/mh023/98024632.html |
| 856 | 4 | 2 |
_3Table of contents only _uhttp://www.loc.gov/catdir/toc/mh022/98024632.html |
| 942 |
_2ddc _cBK |
||
| 999 |
_c179939 _d179939 |
||